Normal view
MARC view
- Supervisor Dr. Shahzor Ahmad Co Supervisor Dr. Waqar Shahid Qureshi
Entry Corporate Name
001 - CONTROL NUMBER
- control field: 84389
003 - CONTROL NUMBER IDENTIFIER
- control field: NUST
005 - DATE AND TIME OF LATEST TRANSACTION
- control field: 20211117140131.0
008 - FIXED-LENGTH DATA ELEMENTS
- fixed length control field: 211117|| aca||aabn | a|a d
040 ## - CATALOGING SOURCE
- Original cataloging agency: NUST
- Transcribing agency: NUST
110 ## - HEADING--CORPORATE NAME
- Corporate name or jurisdiction name as entry element: Supervisor Dr. Shahzor Ahmad Co Supervisor Dr. Waqar Shahid Qureshi
670 ## - SOURCE DATA FOUND
- Source citation: Work cat.: (NUST): Syed Sheharyar Anwar 84388, TH-SOF-1888-3D Reconstruction from 2D DICOM Images with an Interactive GUI, 2021.
